| 000 | 01610 a2200277 4500 | ||
|---|---|---|---|
| 001 | 96 | ||
| 005 | 20260407155410.0 | ||
| 008 | 260407a2001 arg spa d | ||
| 003 | AR-UNSa-BCEJYS | ||
| 040 |
_aAR-UNSa-BCEJYS _bspa _cAR-UNSa-BCEJYS |
||
| 080 |
_a519.2 _xProbabilidades y estadística matemática |
||
| 245 | 1 | 0 | _aEstadística para administración y economía |
| 020 | _a978-970-10-3361-6 | ||
| 250 | _a3a. ed | ||
| 264 | 1 |
_aMéxico : _bMcGraw-Hill _c2001 |
|
| 300 |
_axix, 575 p. _c25 cm |
||
| 505 | _a1. ¿Qué es la estadística? - 2. Descripción de datos: Distribuciones de frecuencia y presentación gráfica - 3. Descripción de datos: Medidas de posición y de dispersión - 4. Una revisión de los conceptos de probabilidad - 5. Ditribuciones de probabilidad discreta - 6. La distribución de probabilidad normal - 7. Métodos y distribuciones de muestreo - 8. Pruebas de hipótesis: Muestras grandes - 9. Pruebas de hipótesis: Muestras pequeñas - 10. Análisis de varianza - 11. Regresión y correlación lineales - 12. Análisis de regresión y de correlación múltiple - 13. Métodos no paramétricos: Aplicaciones de ji cuadrada - 14. Control estadístico de la calidad | ||
| 942 | _cBK | ||
| 590 | _aniveau_biblio:m niveau_hierar:0 | ||
| 100 | 1 | _aLind, Douglas A. | |
| 700 | 1 | _aMason, Robert D. | |
| 700 | 1 | _aHano Roa, María del Carmen Enriqueta | |
| 700 | 1 | _aMarchal, William G. | |
| 700 | 1 | _aJolly Vallejo, Juan Carlos | |
| 856 | 4 | 1 |
_uhttps://biblioeco.unsa.edu.ar/pmb/images/libros/Estadistica para administracion de economia2-l116701.jpg _yImagen de portada _qimage/jpeg |
| 999 |
_c72 _d72 |
||